000 00512nam a2200193Ia 4500
008 230125s9999 xx 000 0 und d
020 _a81-7656-577-6
041 _aeng
082 _a005.133
_bDAW
100 _aDawes C
_9111795
245 _aOCA/OCP introduction to Oracle 9i SQL
260 _c2002
_bBPB publication
_aNew Delhi
300 _a559p
500 _aOracle;Oracle 9i SQL
650 _aComputer Management
700 _aDawes C & Thomas B
_9111796
906 _b50
999 _c88714
_d88714